| 000 | 00961nam a22003017a 4500 | ||
|---|---|---|---|
| 003 | CHAP | ||
| 005 | 20220329142313.0 | ||
| 008 | 000525d1988 mxx r 00110 spa d | ||
| 010 | _a81316 | ||
| 011 | _a82288 | ||
| 035 | _a92777 | ||
| 040 | _cCHAP | ||
| 082 | 0 | 4 |
_a507.2 _bP7 |
| 100 | 0 | 0 |
_aPrieto, Fernando E. _991623 |
| 245 | 1 | 0 |
_aInvestigación e información científicas en México _c/por Fernando E. Prieto (y otros) |
| 260 |
_aMéxico, D.F. : _bSiglo veintiuno, _c1988. |
||
| 300 | _a167 p. | ||
| 590 |
_aBATCH-UPD _b10 _c20130110 _lUCH01 _h0523 |
||
| 590 |
_aBATCH-UPD _b10 _c20130410 _lUCH01 _h0202 |
||
| 590 |
_aBATCH-UPD _b10 _c20130914 _lUCH01 _h1638 |
||
| 590 |
_aCONVERSION _b10 _c20130109 _lUCH01 _h1345 |
||
| 650 | 1 | 4 |
_aInformación. _958076 |
| 650 | 1 | 4 |
_aInvestigación _xMéxico. _960240 |
| 901 | _aBK | ||
| 905 | _aAlejandra Carrasco M. | ||
| 942 | _cLIBRO | ||
| 949 |
_a507.2 P7 _bBC _cLIBRO _d33724000781464 _eLIBRO _gI.c/e _h97825 _i92777 _si _t$57. |
||
| 999 |
_c81316 _d81316 |
||